000 00516nam a22001817a 4500
003 BD-ChCU
005 20260406143814.0
008 260406b bg ||||| |||| 00| 0 ben d
040 _cBD-ChCU
082 _a155.4 THC(2)
100 _aThompson, George G.
_921225
245 _aChild psychology :
_bgrowth trends in psychological adjustment.//
_cThompson, George G.
250 _a2nd ed.
260 _aBombay.
_bTimes of India.
_c1969
300 _axxi, 714p
650 0 _aPsychology.
_921227
942 _2ddc
_cBK
_n0
999 _c112077
_d112077